000 00579nam a2200181 i 4500
001 49537
003 ES-MaACL
005 20230906162012.0
007 t|
008 030717s1962 sp ||||1| spa d
100 1 _aCosta, Vasco.
_941080
245 1 0 _aDiccionario de unidades y tablas de conversión /
_cVasco Costa, Osvaldo Francés ; [traducción de portugués por M. Company].
260 _aBarcelona :
_bGustavo Gili,
_c1962.
300 _a168 p. ;
_c17 cm.
700 1 _aFrancés, Osvaldo.
_952146
700 1 _aCompany, M.
_940037
852 _aES-MaACL
_jC-23748
_bR.52480
999 _c49537
_d49537